LDR 00935naa#a2200169#i#450# 001 RU\\bibl\122979 005 20260513074644.3 011 ## _a2409-1073 100 ## _a20230920b2023####ek#y0rusy0150####ca 102 ## _aRU 200 1# _aТрудовая девиация молодежи на примере группы стран _eЖурнальная статья 210 1# _aМосква _cФедеральное государственное автономное образовательное учреждение высшего образования Национальный исследовательский университет "Московский институт электронной техники" _d2023 215 ## _a0 с. 608 ## _aЖурнальная статья _2local 675 ## _aРынок труда. Занятость. 331.5 _z 700 #1 _aФальковская _gКсения Игоревна 856 4# _aesgi-journal.ru _u